| 000 | 01328cam a2200325 a 4500 | ||
|---|---|---|---|
| 999 |
_c342548 _d342548 |
||
| 001 | 1580873 | ||
| 003 | NUST | ||
| 005 | 20180102141644.0 | ||
| 008 | 931029r19931970nyu 000 1 eng | ||
| 010 | _a 93043124 | ||
| 020 |
_a0452282196 _c$22.00 ($29.00 Can.) |
||
| 040 |
_aDLC _cDLC _dDLC |
||
| 050 | 0 | 0 |
_aPS3563.O8749 _bB55 1993 |
| 082 | 0 | 0 |
_a813.54 _bMOR |
| 100 | 1 |
_aMorrison, Toni. _97969 |
|
| 245 | 1 | 4 |
_aThe bluest eye / _cToni Morrison ; with a new afterword by the author. |
| 250 | _a1st Knopf ed. | ||
| 260 |
_aNew York : _bKnopf : _bDistributed by Random House, _c1993. |
||
| 300 |
_a215 p. ; _c20 cm. |
||
| 650 | 0 |
_aAfrican Americans _vFiction. _97809 |
|
| 650 | 0 |
_aGirls _vFiction. _97970 |
|
| 651 | 0 |
_aOhio _vFiction. _97971 |
|
| 655 | 7 |
_aBildungsromans. _2gsafd _93698 |
|
| 856 | 4 | 2 |
_3Contributor biographical information _uhttp://www.loc.gov/catdir/bios/random057/93043124.html |
| 856 | 4 | 1 |
_3Sample text _uhttp://www.loc.gov/catdir/samples/random041/93043124.html |
| 856 | 4 | 2 |
_3Publisher description _uhttp://www.loc.gov/catdir/description/random041/93043124.html |
| 906 |
_a7 _bcbc _corignew _d1 _eocip _f19 _gy-gencatlg |
||
| 942 |
_2ddc _cBK |
||